No hay relación sexual: dos lecciones sobre -L'E´tourdit" de Lacan
Đã lưu trong:
| Những tác giả chính: | , |
|---|---|
| Định dạng: | Sách |
| Ngôn ngữ: | Tiếng Tây Ban Nha |
| Được phát hành: |
Buenos Aires
Amorrortu
2011
Madrid 2011 |
| Phiên bản: | 1a. ed |
| Loạt: | Nómadas
|
| Những chủ đề: | |
| Các nhãn: |
Thêm thẻ
Không có thẻ, Là người đầu tiên thẻ bản ghi này!
|
MARC
| LEADER | 00000cam a2200000 a 4500 | ||
|---|---|---|---|
| 001 | UCD0027 | ||
| 003 | CL-VaPUC | ||
| 005 | 20210515001747.0 | ||
| 008 | 151112e20110400ag |||||||||||||||||spa|d | ||
| 999 | |c 361651 |d 361649 | ||
| 020 | |a 9789505183944 | ||
| 020 | |a 9788461090372 | ||
| 040 | |c Pontificia Universidad Católica de Valparaíso | ||
| 082 | 0 | 4 | |a 155.3 |b BAD |2 21 |
| 100 | 0 | |a Badiou, Alain |e author |9 557218 | |
| 245 | 1 | 0 | |a No hay relación sexual: dos lecciones sobre -L'E´tourdit" de Lacan |
| 250 | |a 1a. ed | ||
| 260 | |a Buenos Aires |b Amorrortu |c 2011 | ||
| 260 | |a Madrid |b Amorrortu |c 2011 | ||
| 300 | |a 124 p | ||
| 490 | 0 | |a Nómadas | |
| 583 | |a last modification |c 20151112 20:22:00 |k Rodrigo Vera | ||
| 600 | |a Lacan, Jacques-Marie Émile |d 1901-1981 |9 859813 | ||
| 650 | 7 | |a RELACIONES SEXUALES |2 CL-VaPUC |9 312685 | |
| 650 | 0 | |a Filosofía |9 223554 | |
| 700 | |a Cassin, Barbara |e author |9 583025 | ||
| 852 | |a BIBCUR | ||
| 942 | |c BK |2 ddc | ||
| 945 | |d 20151112 20:22:00 |a arojas | ||
| 952 | |0 0 |1 0 |3 erb |4 0 |6 155_300000000000000_BAD_2011_2011 |7 0 |8 A |9 472258 |a BIBEDU |b BIBEDU |i 5249457 |o 155.3 BAD 2011 2011 |p 5249457 |r 2019-11-24 |w 2019-11-24 |y BK |z Catalogado en:20151112 |k FIL | ||